000 00649nam a22001937a 4500
005 20180706165539.0
010 _aENG-123036
020 _c499.00
_a9789386582133
035 _aEN-106568
037 _bDBAD/PUB
082 _a951.5061
245 _aThe division of heaven and earth on tibet's peaceful revolution shokdung /
_ctranslated by Matthew Akester
260 _aNew Delhi
_bSpeaking Tiger
_c2016
270 _a4381/4, Ansari Road, Daryagang,
_bNew Delhi
_e110002
300 _axliii, 162p.
_c21cm(Hb)
500 _aIt include bibliography and index
700 _aAkester, Matthew
942 _2ddc
_cEN
_mDIV
_h951.5061
999 _c152094
_d152094